What the Buddha Taught (Record no. 18251)

MARC details
000 -LEADER
fixed length control field 00464nam a2200169 a 4500
020 ## - INTERNATIONAL STANDARD BOOK NUMBER
ISBN 967992002X
082 00 - DEWEY DECIMAL CLASSIFICATION NUMBER
Classification number 294.3
Author Cutter RAH
100 ## - MAIN ENTRY--AUTHOR NAME
Author name Rahula, Walpola Sri
245 ## - TITLE STATEMENT
Title What the Buddha Taught
260 ## - PUBLICATION, DISTRIBUTION, ETC. (IMPRINT)
Place of publication Kualalumpur, Malaysia
Name of publisher Buddhist Missionar Society
Year of publication 1978
300 ## - PHYSICAL DESCRIPTION
Number of Pages 151p
500 ## - GENERAL NOTE
General note includes index and biblioraphy
505 2# - FORMATTED CONTENTS NOTE
Formatted contents note Selected Bibliography, Index
650 ## - SUBJECT ADDED ENTRY--TOPICAL TERM
Topical Term Buddhism-doctrine
942 ## - ADDED ENTRY ELEMENTS (KOHA)
Koha item type Books
700 1# -
-- Rahula, Walpola Sri
Holdings
Home library Current library Shelving location Date acquired Source of acquisition Cost, normal purchase price Full call number Accession Number Koha item type
Henry Martyn Institute Library Henry Martyn Institute Library General stacks 01/01/2005 Packiam T. Samual 300.00 294.3 RAH C2 11003307 Books
Henry Martyn Institute Library Henry Martyn Institute Library General stacks 10/30/2015 Packiam T. Samual 300.00 294.3 RAH C1 11003332 Books
Henry Martyn Institute Library Henry Martyn Institute Library   06/12/2017 Packiam T. Samual 100.00 294.3 RAH C3 11002740 Books
                   Copyright © 2026 | Henry Martyn Institute | Hyderabad | TS-500052 | INDIA | Implemented by hmi.edu.in
Hit-Count:

Powered by Koha